<?xml version="1.0" encoding="UTF-8"?>
<marc:record xmlns:marc="http://www.loc.gov/MARC21/slim">
   <marc:leader>00000nam a2200000 a 4500</marc:leader>
   <marc:datafield ind1="1" ind2=" " tag="100">
      <marc:subfield code="a">Marschall, Anja</marc:subfield>
      <marc:subfield code="4">aut</marc:subfield>
      <marc:subfield code="e">Verfasser/-in</marc:subfield>
   </marc:datafield>
   <marc:datafield ind1="1" ind2=" " tag="100">
      <marc:subfield code="a">Zehendner, Johanna</marc:subfield>
   </marc:datafield>
   <marc:datafield ind1="0" ind2="0" tag="245">
      <marc:subfield code="a">Tage voller Weihnachtszauber (Ungekürzt)</marc:subfield>
   </marc:datafield>
   <marc:datafield ind1=" " ind2="1" tag="264">
      <marc:subfield code="b">dp audiobooks</marc:subfield>
      <marc:subfield code="c">2022</marc:subfield>
   </marc:datafield>
   <marc:datafield ind1="1" ind2=" " tag="520">
      <marc:subfield code="a">Manchmal braucht es ein echtes Weihnachtswunder ... Der herzerwärmende Liebesroman von Anja Marschall jetzt als Hörbuch! Lena lebt im Kinderheim. Wie jedes Jahr wünscht sie sich zu Weihnachten nur eines: eine Mama. Doch nicht irgendeine, sondern ihre eigene. Die aber kennen weder Heimleiterin Henriette Jonas noch Erzieher Lukas. Doch in diesem Jahr wird alles anders, als ein schräger Aushilfsweihnachtsmann nicht nur das Waisenhaus durcheinanderbringt, sondern auch Henriette den Kopf verdreht, Lukas ein Date verschafft und Lena ein Versprechen macht. Die Zeit drängt, denn bis zum Fest sind es nur noch wenige Tage ...</marc:subfield>
   </marc:datafield>
   <marc:datafield ind1=" " ind2=" " tag="020">
      <marc:subfield code="a">9783986378486</marc:subfield>
      <marc:subfield code="9">9783986378486</marc:subfield>
   </marc:datafield>
   <marc:datafield ind1=" " ind2=" " tag="041">
      <marc:subfield code="a">ger</marc:subfield>
   </marc:datafield>
   <marc:datafield ind1=" " ind2=" " tag="300">
      <marc:subfield code="a">704 Min.</marc:subfield>
   </marc:datafield>
</marc:record>
